TB. OF PHARMACOLOGY FOR NURSES (Record no. 2194)

MARC details
000 -LEADER
fixed length control field 00285nam a2200133Ia 4500
082 ## - DEWEY DECIMAL CLASSIFICATION NUMBER
Classification number 615
Item number P13G
100 ## - MAIN ENTRY--PERSONAL NAME
Personal name GROVER, J.K.
245 ## - TITLE STATEMENT
Title TB. OF PHARMACOLOGY FOR NURSES
250 ## - EDITION STATEMENT
Edition statement 3RD
260 ## - PUBLICATION, DISTRIBUTION, ETC. (IMPRINT)
Name of publisher, distributor, etc CBS
Place of publication, distribution, etc DELHI
Year of Publication 2013
300 ## - PAGE DESCRIPTION
No. of Pages 474
650 ## - SUBJECT ADDED ENTRY--TOPICAL TERM
Topical term or geographic name as entry element PHARMACOLOGY
942 ## - ADDED ENTRY ELEMENTS (KOHA)
Source of classification or shelving scheme Dewey Decimal Classification
Koha item type Books
942 ## - ADDED ENTRY ELEMENTS (KOHA)
-- 38
Holdings
Withdrawn status Lost status Source of classification or shelving scheme Damaged status Not for loan Collection code Home library Current library Shelving location Date acquired Vendor Name Cost, normal purchase price SGTU Bill Number Total Checkouts Total Renewals Full call number Accession No. (Barcode) Date last seen Date last borrowed Bill Date Koha item type
    Dewey Decimal Classification     NURSING SGT Medical Library SGT Medical Library Text Book 04/12/2014 ABC DELHI 365.00 SGTU 4559 38 1 615 P13G FN1502 17/06/2025 02/06/2025 04/12/2014 Books
    Dewey Decimal Classification     NURSING SGT Medical Library SGT Medical Library Text Book 04/12/2014 ABC DELHI 365.00 SGTU 4559 14 1 615 P13G FN1503 15/09/2025 15/09/2025 04/12/2014 Books
    Dewey Decimal Classification     NURSING SGT Medical Library SGT Medical Library Text Book 06/07/2014 ABC DELHI 365.00 SGTU 4669 15   615 P13G FN1554 21/06/2025 05/06/2025 06/07/2014 Books
    Dewey Decimal Classification     NURSING SGT Medical Library SGT Medical Library Text Book 06/07/2014 ABC DELHI 365.00 SGTU 4669 22   615 P13G FN1555 16/06/2025 31/05/2025 06/07/2014 Books